Movie Characters with Many Actors #2 - Statistics

General Stats
  • This quiz has been taken 64 times
  • The average score is 9 of 16
Answer Stats
Hint Answer % Correct
Adam West, Val Kilmer, George Clooney, Michael Keaton, Christian Bale Batman
98%
Cesar Romero, Mark Hamill, Jack Nicholson, Heath Ledger, Jared Leto The Joker
92%
Bernard Lee, Robert Brown, David Niven, Judi Dench, Ralph Fiennes M
87%
Basil Rathbone, Benedict Cumberbatch, Ian McKellen, Will Ferrell, Robert Downey Jr. Sherlock Holmes
73%
Walter Huston, Henry Fonda, Brendan Fraser, Daniel Day-Lewis, Benjamin Walker Abraham Lincoln
71%
Whoopi Goldberg, George Burns, Gene Hackman, Alanis Morissette, Groucho Marx God
71%
Bette Davis, Cate Blanchett, Helen Mirren, Margot Robbie, Judi Dench Elizabeth I
69%
Kevin Costner, Errol Flynn, Cary Elwes, Russell Crowe, Douglas Fairbanks Robin Hood
67%
Mel Gibson, Kenneth Branagh, Nicol Williamson, Ethan Hawke, Laurence Olivier Hamlet
60%
Tim Allen, Edmund Gwenn, Jim Broadbent, Kurt Russell, Richard Attenborough Santa Claus
56%
Aaron Eckhart, Tommy Lee Jones, William Shatner, Billy Dee Williams, Richard Moll Two Face
50%
Anna Kendrick, Ilene Woods, Lily James, Brandy, Hilary Duff Cinderella
27%
Keira Knightley, Greer Garson, Jennifer Ehle, Aishwarya Rai, Elizabeth Garvie Elizabeth Bennet
19%
Brian Keith, Robin Williams, Robert Vaughn, Tom Berenger, Ed Metzger Theodore Roosevelt
15%
Charlton Heston, Dean Jagger, Maurice Grandmaison, Charles French, Terence Stamp Brigham Young
8%
Nina Young, Claire Bloom, Erica Cerra, Samantha Eggar, Honor Blackman Hera
8%
No matching quizzes found
Score Distribution
Percent of People with Each Score
Percentile by Number Answered
Your Score History
You have not taken this quiz